000 01058nam a2200289 a 4500
001 000030517
003 DO-SdBNP
005 20240508073816.0
007 ta
008 110523s2011 dr ac 000 0 spa d
020 _a9789945074260
040 _aDO-SdBNP
_bspa
_cBNPHU
082 4 _a972.9384
_bM744m
_222
100 1 _aMoní Reyes, Ceferino,
_d1943-
_957142
245 1 0 _aMiches :
_bhistoria y tradición /
_cCeferino Moní Reyes.
260 _aSanto Domingo :
_bArchivo General de la Nación,
_c2011.
_fEditora Búho
300 _a193 p. :
_bil., retrs. ;
_c22 cm.
490 1 _aArchivo General de la Nación
_v121
500 _aIncluye índice onomástico
590 _aInventariado, 2022/BT
650 1 4 _aCiudades y pueblos
_zRepública Dominicana
_9784
651 1 4 _aMiches (República Dominicana)
_957143
_xHistoria local
651 1 4 _aMiches (República Dominicana)
_xVida social y costumbes
_957144
651 1 4 _aMiches (República Dominicana)
_xCondiciones sociales
_957145
910 _aValidado. Control de calidad MMOLINA
942 _2ddc
_cLBS1
999 _c30009
_d30009